Statystyki dla Obwody Rosji graniczące z Kazachstanem

Kliknij tutaj aby rozwiązać quiz!

Ogólne statystyki

  • Ten quiz został rozwiązany 3 razy
  • Średni wynik to 9 z 11

Statystyki odpowiedzi

Obwód% Poprawnych
Ałtajski
100%
Astrachański
100%
Kurgański
100%
Nowosybirski
100%
Omski
100%
Orenburski
100%
Saratowski
100%
Czelabiński
67%
Tiumeński
67%
Wołgogradzki
67%
Ałtaju
0%

Rozkład punktacji

Percentyl według liczby udzielonych odpowiedzi

Procent ludzi z każdym wynikiem

Twoja historia wyników

Nie rozwiązałeś tego quizu